000
00329nam a2200133Ia 4500
008
100328s9999 xx 000 0 und d
082
_b
14726
100
_a
Hayward Max And Harari Manya
245
_a
Doctor Zhivango
260
_b
Collins Clear-Type
630
_a
Doctor Zhivango
730
_a
Doctor Zhivango
942
_c
BOOK
999
_c
509633
_d
509630